|
|
|
|
| LEADER |
00000nam a2200000 i 4500 |
| 001 |
DIGCERVAN0029 |
| 003 |
NyNyDIG |
| 007 |
cr ||||||||||| |
| 008 |
230601s2023 ec ob 000 0 spa d |
| 006 |
m o d |
| 035 |
|
|
|a (OCoLC)1385178936
|
| 040 |
|
|
|a DGITA
|b eng
|e rda
|e pn
|c DGITA
|
| 020 |
|
|
|a 9791222060941
|q eBook
|
| 041 |
1 |
|
|a spa
|h lat
|
| 050 |
1 |
4 |
|a BX3654 ebook
|
| 100 |
0 |
|
|a Francis,
|c of Assisi, Saint,
|d 1182-1226,
|e author.
|
| 245 |
1 |
0 |
|a Regla bulada /
|c San Francisco de Asís.
|
| 264 |
|
1 |
|a [Quito, Ecuador] :
|b Cervantes Digital,
|c [2023]
|
| 300 |
|
|
|a 1 online resource.
|
| 336 |
|
|
|a text
|b txt
|2 rdacontent
|
| 337 |
|
|
|a computer
|b c
|2 rdamedia
|
| 338 |
|
|
|a online resource
|b cr
|2 rdacarrier
|
| 347 |
|
|
|a text file
|2 rdaft
|
| 347 |
|
|
|b EPUB
|
| 588 |
0 |
|
|a Online resource; title from ePub title page (Digitalia, viewed June 1, 2023)
|
| 610 |
2 |
0 |
|a Secular Franciscan Order
|x Rules.
|
| 700 |
0 |
2 |
|i Container of (expression):
|a Francis,
|c of Assisi, Saint,
|d 1182-1226.
|t Works.
|k Selections.
|l Spanish.
|
| 791 |
2 |
|
|a Digitalia (Firm),
|e distributor.
|
| 793 |
0 |
|
|g Digitalia eBook Collection:
|a Cervantes Digital
|
| 856 |
4 |
0 |
|3 Digitalia Hispánica
|u https://www.digitaliapublishing.com/a/125467/
|
| 910 |
|
|
|a Premium collection: 2023
|